000 00631nam a2200265Ia 4500
005 20260306163451.0
008 008 260114s9999 xx 000 0 eng d
020 _a9780813177441
037 _aEBOOK
040 _aCRL
040 _beng
040 _cCRL
041 _2eng
041 _aeng
084 _qCRL
100 _aBillheimer
_91128691
245 0 _aHitchcock And The Censors
260 _bKentucky Scholarship Online
260 _c2020
650 _aJournalism & Mass Communication
856 _uhttps://academic.oup.com/book/34148
942 _cEBOOK
999 _c1710216
_d1710216